Numerical Analysis: a practical approach (Record no. 7110)

MARC details
000 -LEADER
fixed length control field 01254cam a22003374a 4500
001 - CONTROL NUMBER
control field 12941085
003 - CONTROL NUMBER IDENTIFIER
control field OSt
005 - DATE AND TIME OF LATEST TRANSACTION
control field 20231209110242.0
008 - FIXED-LENGTH DATA ELEMENTS--GENERAL INFORMATION
fixed length control field 020923s2003 enka 001 0 eng
010 ## - LIBRARY OF CONGRESS CONTROL NUMBER
LC control number 2002036455
020 ## - INTERNATIONAL STANDARD BOOK NUMBER
International Standard Book Number 0023762101
040 ## - CATALOGING SOURCE
Original cataloging agency DLC
Transcribing agency DDC
Modifying agency DLC
042 ## - AUTHENTICATION CODE
Authentication code pcc
050 00 - LIBRARY OF CONGRESS CALL NUMBER
Classification number QH323.5
Item number .B745 2003
082 00 - DEWEY DECIMAL CLASSIFICATION NUMBER
Classification number 515 MAR 1987
100 1# - MAIN ENTRY--PERSONAL NAME
Personal name Maron, M. J.
9 (RLIN) 14652
245 10 - TITLE STATEMENT
Title Numerical Analysis: a practical approach
250 ## - EDITION STATEMENT
Edition statement 2nd ed.
260 ## - PUBLICATION, DISTRIBUTION, ETC. (IMPRINT)
Place of publication, distribution, etc. New York ;
Name of publisher, distributor, etc. Macmillan publishing
Date of publication, distribution, etc. c1987
300 ## - PHYSICAL DESCRIPTION
Extent xviii,534p;
Other physical details ill. ;
Dimensions 26 cm.
440 #0 - SERIES STATEMENT/ADDED ENTRY--TITLE
Title Springer undergraduate mathematics series
9 (RLIN) 2818
500 ## - GENERAL NOTE
General note Appendices, bibliography & index included
504 ## - BIBLIOGRAPHY, ETC. NOTE
Bibliography, etc Includes; index
650 #0 - SUBJECT ADDED ENTRY--TOPICAL TERM
Topical term or geographic name as entry element Numerical analysis
9 (RLIN) 5602
650 #0 - SUBJECT ADDED ENTRY--TOPICAL TERM
Topical term or geographic name as entry element Mathematics
9 (RLIN) 810
856 42 - ELECTRONIC LOCATION AND ACCESS
Materials specified Publisher description
Uniform Resource Identifier <a href="http://www.loc.gov/catdir/enhancements/fy0817/2002036455-d.html">http://www.loc.gov/catdir/enhancements/fy0817/2002036455-d.html</a>
856 41 - ELECTRONIC LOCATION AND ACCESS
Materials specified Table of contents only
Uniform Resource Identifier <a href="http://www.loc.gov/catdir/enhancements/fy0817/2002036455-t.html">http://www.loc.gov/catdir/enhancements/fy0817/2002036455-t.html</a>
906 ## - LOCAL DATA ELEMENT F, LDF (RLIN)
a 7
b cbc
c orignew
d 1
e ocip
f 20
g y-gencatlg
942 ## - ADDED ENTRY ELEMENTS (KOHA)
Source of classification or shelving scheme Dewey Decimal Classification
Koha item type Open Shelf
Holdings
Withdrawn status Lost status Source of classification or shelving scheme Damaged status Not for loan Home library Current library Date acquired Source of acquisition Inventory number Total Checkouts Full call number Barcode Date last seen Price effective from Koha item type
    Dewey Decimal Classification     Main Kihumuro Campus Main Kihumuro Campus 09/12/2023 Purchase 04/21353   515 MAR 1987 2023-0718 09/12/2023 09/12/2023 Open Shelf